000 00691nam a2200217Ii 4500
003 JO-AjNU
008 230605s9999||||xx |||||||||||||| ||und||
017 _a1993/1/451
040 _aJO-AjNU
_bara
_erda
_cJO-AjNU
041 _aara
050 1 4 _aLB1167.A2388 2007
100 3 _aأبيض،ملكة,
_eauthor
_921846
245 0 0 _aالطفولة المبكرة ورياض الأطفال
250 _aط2
264 3 1 _aدمشق:دار طلاس،2007
300 _a256ص
336 _atext
_btxt
_2rdacontent
337 _aunmediated
_bn
_2rdamedia
338 _avolume
_bnc
_2rdacarrier
650 4 _a مدارس الحضانة-رياض الأطفال-تعليم الأطفال
_921847
999 _aA7659
_c11227
_d11227